000 00692nam a2200241Ia 4500
005 20260430150616.0
008 008 250103s9999 xx 000 0 eng d
037 _aTheses
040 _aCRL
040 _beng
040 _ceng
041 _2eng
041 _aeng
084 _qCRL
100 _aMawandiya Swati Kumari Au.; Tandon Usha Gu.; Mallaya Susmitha P. Gu.
_91237992
245 0 _aLegal Protection Against Light Pollution in India: A Comparative Study with Special Reference to UK and USA
260 _c2023
300 _a248p.
650 _aLaw
700 _aUniversity of Delhi. Faculty of Law. Deptt. of Law
_91236414
942 _cTH
999 _c1850199
_d1850199